000 00291nam a22001337a 4500
008 170303b xxu||||| |||| 00| 0 eng d
020 _a9780131435247
041 _aeng
080 _25 ED
_a575
100 _a6
101 _aSHM
245 _aESSENTIALS GENETICS
_cKLUG.W.S
942 _2udc
_cBK
999 _c6742
_d6742